Epistemología y psicologia de la identidad

Gorde:
Xehetasun bibliografikoak
Egile nagusia: Piaget, Jean
Formatua: Liburua
Hizkuntza:Undetermined
Argitaratua: Buenos Aires, Argentina Paidos 1971
Gaiak:
Etiketak: Etiketa erantsi
Etiketarik gabe, Izan zaitez lehena erregistro honi etiketa jartzen!

MARC

LEADER 00000nam a2200000Ia 4500
008 170316s9999 xx 000 0 und d
090 |a 100 P-23ep 
100 |a Piaget, Jean 
245 |a Epistemología y psicologia de la identidad 
260 |a Buenos Aires, Argentina 
260 |b Paidos 
260 |c 1971 
300 |a 185 páginas 
650 |a FILOSOFÍA 
650 |a EPISTEMOLOGÍA 
999 |c 17264  |d 17264 
040 |a cru BVZT 
942 |c 15 D  |h 100 P-23ep  |2 z